|
|
|
|
| LEADER |
01150nam a2200325 a 4500 |
| 001 |
7069 |
| 003 |
BD-DhAAL |
| 005 |
20190702131158.0 |
| 007 |
t| |
| 008 |
150914t2006 iaugr 0 a0eng c |
| 999 |
|
|
|c 35533
|d 35533
|
| 010 |
|
|
|a 2006214563
|
| 020 |
|
|
|a 0073016772
|
| 022 |
0 |
|
|a 1932-5630
|2 1
|
| 040 |
|
|
|a NSDP
|b eng
|c NSDP
|d NSDP
|d DLC
|d OCoLC
|d BD-DhAAL
|
| 050 |
0 |
0 |
|a RJ370
|b .P4576
|
| 082 |
|
|
|a 618.92
|
| 222 |
|
0 |
|a Pediatric first aid, CPR, and AED
|
| 245 |
0 |
0 |
|a Pediatric first aid, CPR, and AED.
|
| 260 |
|
|
|a Dubuque, IA :
|b McGraw-Hill Companies
|c c2005
|
| 300 |
|
|
|a v, 152 p. :
|b ill. ;
|c 26 cm.
|
| 500 |
|
|
|a Earlier issue cataloged as monographs.
|5 DLC
|
| 500 |
|
|
|a Title from cover.
|
| 541 |
|
|
|e 7069
|
| 650 |
|
0 |
|a Pediatric emergencies
|v Periodicals.
|9 14640
|
| 650 |
|
0 |
|a First aid in illness and injury
|v Periodicals.
|9 14641
|
| 650 |
|
0 |
|a CPR (First aid) for children
|v Periodicals.
|9 14642
|
| 710 |
2 |
|
|a National Safety Council.
|9 14643
|
| 942 |
|
|
|2 ddc
|c BK
|
| 952 |
|
|
|0 0
|1 0
|2 ddc
|4 0
|6 618_920000000000000_PED
|7 0
|9 55886
|a SCL
|b SCL
|c GEN
|d 2015-09-14
|e Gift: The Asia Foundation
|l 0
|o 618.92 PED
|p 3020007069
|r 2015-09-14
|t 1
|w 2015-09-14
|y BK
|